000
00319nam a22001457a 4500
003
SGT
020
_a
9789390735594
082
_a
346.022
_b
SRI
100
_a
SRIVASTAVA S S
245
_a
LAW OF CONTRACT I & II
250
_a
7
260
_a
PRAYAGRAJ
_b
CENTRAL LAW PUBLICATION
_c
2023
300
_a
863
942
_2
ddc
_c
BK
999
_c
34095
_d
34095